<?xml version="1.0" encoding="UTF-8"?><?xml-stylesheet type="text/xsl" href="static/style.xsl"?><OAI-PMH xmlns="http://www.openarchives.org/OAI/2.0/" xmlns:xsi="http://www.w3.org/2001/XMLSchema-instance" xsi:schemaLocation="http://www.openarchives.org/OAI/2.0/ http://www.openarchives.org/OAI/2.0/OAI-PMH.xsd"><responseDate>2026-06-01T06:39:34Z</responseDate><request verb="GetRecord" identifier="oai:riuma.uma.es:10630/31300" metadataPrefix="marc">https://riuma.uma.es/rest/oai/request</request><GetRecord><record><header><identifier>oai:riuma.uma.es:10630/31300</identifier><datestamp>2026-02-03T11:09:30Z</datestamp><setSpec>com_10630_2254</setSpec><setSpec>col_10630_37953</setSpec></header><metadata><record xmlns="http://www.loc.gov/MARC21/slim" xmlns:dcterms="http://purl.org/dc/terms/" xmlns:doc="http://www.lyncode.com/xoai" xmlns:xsi="http://www.w3.org/2001/XMLSchema-instance" xsi:schemaLocation="http://www.loc.gov/MARC21/slim http://www.loc.gov/standards/marcxml/schema/MARC21slim.xsd">
   <leader>00925njm 22002777a 4500</leader>
   <datafield ind2=" " ind1=" " tag="042">
      <subfield code="a">dc</subfield>
   </datafield>
   <datafield ind2=" " ind1=" " tag="720">
      <subfield code="a">Canto-Ortiz, Jesús María</subfield>
      <subfield code="e">author</subfield>
   </datafield>
   <datafield ind2=" " ind1=" " tag="720">
      <subfield code="a">Vallejo-Martín, Macarena</subfield>
      <subfield code="e">author</subfield>
   </datafield>
   <datafield ind2=" " ind1=" " tag="260">
      <subfield code="c">2021-10-07</subfield>
   </datafield>
   <datafield ind2=" " ind1=" " tag="520">
      <subfield code="a">This study analyzes whether the degree of social identity and the degree of emotional&#xd;
connection influence the subjective well-being of individuals that participated in collective acts&#xd;
of support for health personnel fighting against the COVID-19 pandemic. Our sample was composed&#xd;
of 810 participants who resided in Spain (339 women and 471 men) with an average age of&#xd;
34.22 (SD = 12.56). All of them frequently participated in the acts of support that took place each&#xd;
day of the lockdown decreed by the National Government on 14 March 2020. The results show that&#xd;
the greater identification with the group (the country) and the greater the emotional connection, the&#xd;
higher the scores obtained in subjective well-being. The results also show that emotional connection&#xd;
had a positive effect on emotional subjective well-being, mediated by the social identity activated in&#xd;
the collective act. The results are interpreted from the perspective of social identity that highlights&#xd;
the role played by social identity in influencing health and subjective well-being.</subfield>
   </datafield>
   <datafield ind1="8" ind2=" " tag="024">
      <subfield code="a">Canto, J.M.; Vallejo-Martín, M. The Effects of Social Identity and Emotional Connection on Subjective Well-Being in Times of the COVID-19 Pandemic for a Spanish Sample. Int. J. Environ. Res. Public Health 2021, 18, 10525.</subfield>
   </datafield>
   <datafield ind1="8" ind2=" " tag="024">
      <subfield code="a">https://hdl.handle.net/10630/31300</subfield>
   </datafield>
   <datafield ind1="8" ind2=" " tag="024">
      <subfield code="a">10.3390/ijerph181910525</subfield>
   </datafield>
   <datafield tag="653" ind2=" " ind1=" ">
      <subfield code="a">Psicología social</subfield>
   </datafield>
   <datafield tag="653" ind2=" " ind1=" ">
      <subfield code="a">Interacción social</subfield>
   </datafield>
   <datafield tag="653" ind2=" " ind1=" ">
      <subfield code="a">Emociones</subfield>
   </datafield>
   <datafield tag="653" ind2=" " ind1=" ">
      <subfield code="a">COVID-19 - Aspectos psicológicos</subfield>
   </datafield>
   <datafield ind2="0" ind1="0" tag="245">
      <subfield code="a">The Effects of Social Identity and Emotional Connection on SubjectiveWell-Being in Times of the COVID-19 Pandemic for a Spanish Sample.</subfield>
   </datafield>
</record>
</metadata></record></GetRecord></OAI-PMH>